000 00226nam a2200109Ia 4500
999 _c8075
_d8075
082 _a954.024
100 _aRasheed Akhtar
245 0 _aNadvi, Abul Hashim
260 _aLahore
_bSang-e-Meel
_c2002
300 _a560
942 _cBK